Islam and postcolonial narrative

John Erickson examines four major authors from the 'third world'--Assia Djebar, Abdelkebir Khatibi, Tahar ben Jelloun, and Salman Rushdie- all of whom have critiqued the relationship between Islam and the West. Erickson analyses the narrative strategies they deploy to explore the encounter...

全面介紹

Đã lưu trong:
書目詳細資料
主要作者: Erickson, John
格式: 圖書
語言:Undetermined
出版: Cambridge Cambridge University Press 1998
主題:
標簽: 添加標簽
沒有標簽, 成為第一個標記此記錄!
Thư viện lưu trữ: Trung tâm Học liệu Trường Đại học Cần Thơ
LEADER 01386nam a2200229Ia 4500
001 CTU_172734
008 210402s9999 xx 000 0 und d
020 |c 117.00 
082 |a 809.8917671 
082 |b E68 
100 |a Erickson, John 
245 0 |a Islam and postcolonial narrative 
245 0 |c John Erickson 
260 |a Cambridge 
260 |b Cambridge University Press 
260 |c 1998 
520 |a John Erickson examines four major authors from the 'third world'--Assia Djebar, Abdelkebir Khatibi, Tahar ben Jelloun, and Salman Rushdie- all of whom have critiqued the relationship between Islam and the West. Erickson analyses the narrative strategies they deploy to explore the encounter between Western and Islamic values and reveals their use of the cultural resources of Islam, and their intertextual exchanges with other 'third-world' writers. These writers, he argues, valorise expansiveness and indeterminacy in order to represent individuals and groups that live in the margins of society. 
650 |a Muslim authors,Literature, modern,European literature,Tác giả Hồi giáo,Văn học, hiện đại,Văn học châu Âu 
650 |x Islamic influences,Ảnh hưởng Hồi giáo 
650 |y 20th century,20th century,Thế kỷ 20,Thế kỷ 20 
904 |i Qhieu 
980 |a Trung tâm Học liệu Trường Đại học Cần Thơ